| 000 | 00526nam a2200217Ia 4500 | ||
|---|---|---|---|
| 008 | 210210b1934 xxu||||| |||| 00| 0 eng d | ||
| 041 | _aeng | ||
| 082 | _a388/49 | ||
| 100 | _aTEMPLEMAN (Frederick) | ||
| 245 | _aMarine insurance its principles and practice | ||
| 260 |
_aLondon _bMacdonald & Evans _c1934 |
||
| 300 | _axxii,408 | ||
| 650 | _aprinciples | ||
| 650 | _apractice | ||
| 650 | _aMarine | ||
| 650 | _aits | ||
| 650 | _ainsurance | ||
| 690 | _aInsurance | ||
| 700 | _aGREENACRE (C T) | ||
| 906 | _a005708 | ||
| 999 |
_c125767 _d125767 |
||